000 01644naa a2200385 i 4500
003 EG-GICUC
005 20260121101426.0
008 251203s1916 us ||||fr|||||||1 | eng d
040 _aEG-GiCUC
_beng
_cEG-GiCUC
_dEG-GiCUC
_erda
041 0 _aeng
082 0 4 _221
_a341.22
_bTE . S
092 0 4 _221
099 _aLaw1 11 341.22 TE . S 1916
100 1 _aTextor, Johann Wolfgang,
_d1638-1701,
_eAuthor.
245 1 0 _aSynopsis of the Law of Nations.
_nVolume 2,
_pThe Translation /
_cby Johann Wolfgang Textor The Translation by John Pawley Bate.
264 3 _aOxford :
_bThe Clarendon University Press,
_c1930.
264 1 _a WASHINGTON, D. C. :
_bThe Carnegie Institution of Washington,
_c1916.
300 _a349 pages ;
_c24 cm.
336 _2rda content
_atext
337 _2rda media
_aComputer
338 _2rda carrier
_aOnline Resource
490 0 _aThe classics of international law.
500 _aIncludes index
500 _aWith facsimile reproduction of t.-p. of original edition, Basel, 1680
500 _aTranslated from Latin
504 _aIncludes Bibliographic references Includes marginal notes (side-notes)
505 _aVot. L. A Reproduction of the Fint Edition, with Introduction by Ludwig von Bar, and List of Errata VoL. II. A Translation of the Text, by John Pawley Bate, with Index of Authors Cited.
546 _aText in English
650 1 4 _2qrmak
_xPublic international law
_aLeague of Nations
651 1 _2qrmak
700 1 _aBate, John Pawley,
_eTranslator.
_d1857-1921,
856 4 0 _uhttps://fll.law.cu.edu.eg/fulltext/bks/B11-05505.pdf
905 _a75
_eHassnaa
942 _2ddc
_n0
_cBK
_e21
999 _c48141
_d48141